[Event "RUS-ch qual 57th"]
[Site "St Petersburg"]
[Date "2004.05.24"]
[Round "4"]
[White "Burmakin, Vladimir"]
[Black "Shaposhnikov, Evgeny"]
[Result "0-1"]
[WhiteElo "2571"]
[BlackElo "2559"]
[Annotator "Ribli,Z"]
[PlyCount "104"]
[EventDate "2004.05.21"]
[EventType "swiss"]
[EventRounds "9"]
[EventCountry "RUS"]
[SourceTitle "CBM 102"]
[Source "ChessBase"]
[SourceDate "2004.09.23"]
[SourceVersion "1"]
[SourceVersionDate "2004.09.23"]
[SourceQuality "1"]

1. Nf3 c5 2. g3 Nc6 3. c4 g6 4. Bg2 Bg7 5. Nc3 e6 {Neben 5...Nf6 und 5...e5
das ist eine Hauptvariante.} 6. O-O Nge7 7. a3 {Weiß bereitet Rb1 und b2-b4
vor. Die Alternative 7.d3 ist populärer.} d5 8. cxd5 exd5 9. d3 O-O 10. Bf4 h6
{[%cal Gc8e6] Dieser prophylaktische Zug bereitet 11...Be6 vor und verteidigt
sich gegen 12.Ng5. Die Alternativen 10...b6 und 10...d4 sind auch spielbar.}
11. Rb1 Be6 $11 {Schwarz hat eine bequeme Stellung und er hat ein Übergewicht
im Zentrum.} 12. Na4 {Weiss geht weg mit dem Springer von c3 und bereitet
b2-b4 vor.} (12. Qc1 Kh7 13. b4 $11) 12... b6 13. b4 cxb4 14. axb4 Nf5 {
[%cal Gc6d4,Gf5d4]} (14... d4 $11 {[%cal Ge7d5,Gd5c3]}) 15. b5 (15. Qd2 $11)
15... Ncd4 (15... Na5 16. Qd2 $11) 16. Nxd4 (16. Ne1 $6 Qd7 17. e3 g5 $17)
16... Nxd4 17. Nc3 Rc8 18. Bd2 (18. Qd2 $4 Rxc3 19. Qxc3 Nxe2+ $19) (18. Rc1
Qd7 $17 (18... Rxc3 19. Rxc3 Nxe2+ 20. Qxe2 Bxc3 21. Bxh6 $11)) 18... Qd7 {
[%cal Ge6h3,Gh3g2,Gd7b5]} 19. Kh1 (19. e3 Bg4 20. f3 Nxf3+ $17) (19. Re1 Nf5
$11 (19... Rc5 $11)) 19... Bg4 {[%csl Re2][%cal Gg4d1,Gd4e2] Droht 20...Rxc3
und 21...Bxe2.} 20. f3 Be6 $15 {Schwarz hat eine gesunde Stellung, während der
Bg2 eingeschlossen ist und der Pb5 ist auch schwach.} 21. Qa4 Rfe8 {[%cal
Ge8e2,Gc8c3] Beide schwarzen Türme stehen aktiv.} 22. Rfc1 Bh3 23. e3 Bxg2+ 24.
Kxg2 {[#]} Qf5 $3 {[%csl Rd3,Gd4,Rf3][%cal Rf5f3,Rf3g2][%mdl 64] Ein
unerwarteter und ausgezeichneter Zwischenzug.} 25. Qd1 (25. exd4 Rxc3 26. Re1 (
26. Bxc3 Re2+ 27. Kg1 Qxf3 $19) (26. Rxc3 Re2+ $19) 26... Rxe1 27. Rxe1 Rxd3
$17) 25... Nxf3 $1 (25... Qxd3 26. exd4 Bxd4 27. Bxh6 Rxc3 28. Qxd3 Rxd3 29.
Rd1 Rxd1 30. Rxd1 Bc5 31. Rxd5 Re2+ 32. Kh3 Rb2 33. Rd8+ Kh7 34. Bf4 $132) 26.
Qxf3 Qxd3 {[%csl Rc3,Rd2,Gd3] Schwarz hat nur zwei Bauern für die Figur, aber
es hängt auf d2 und auf c3, so dass Weiß die Figur zurückgeben muss.} 27. Qxd5
(27. Rb2 Bxc3 (27... Rxc3 28. Bxc3 Rxe3 $17) 28. Rbc2 d4 $19) 27... Rxc3 (27...
Qxd5+ 28. Nxd5 Rcd8 29. e4 Rxe4 30. Bxh6 Rxd5 $17) 28. Qxd3 Rxd3 $17 {[%mdl
4096] Nach Vereinfachungen haben wir eine Stellung, in der Schwarz einen
Bauern mehr hat und die weißen Bauern e3 und b5 sind schwach.} 29. Rc2 Red8 30.
Bc1 Bf8 {[%cal Gf8c5,Gc5e3] Schwarz möchte seine Läferstellung mit 31...Bc5
verbessern.} 31. Kf3 Bc5 32. Ra1 R8d7 33. Rca2 Rc3 $1 (33... Rb3 34. Rxa7 Rxa7
35. Rxa7 Rxb5 $17) 34. Bd2 Rb3 35. Ke2 (35. Bc1 $5 Rxb5 36. Rxa7 Rxa7 37. Rxa7
$17) 35... Rd5 {[%csl Gb3,Gc5,Gd5][%cal Gd5h5] Es gibt wenig Material auf dem
Brett, aber die schwarzen Figuren stehen viel aktiver. Die schwarzen Türme
stehen ausgezeichnet, es ist nicht leicht für Weiß sich gegen die horizontalen
und vertikalen Motive zu verteidigen.} 36. Rc2 (36. Rxa7 $2 Rb2 $19) 36... Rh5
{Auf diese Weise provoziert Schwarz eine weitere Schwächung in der weißen
Stellung.} 37. h4 Re5 {[%csl Re2,Re3] Nun hängt der Pe3, den Weiß nicht
verteidigen kann, und der weiße König steht sehr gefährdet.} 38. Rxa7 Bxe3 39.
Be1 (39. Bxe3 Rexe3+ $19) 39... Rb1 (39... Bd4+ 40. Kf1 Rb1 41. Re2 Rexb5 $19)
40. Rc8+ Kg7 41. Rcc7 Bc5+ 42. Kd3 Rbxe1 $19 43. Rxf7+ Kg8 44. Rg7+ {Weiß kann
nur ein paar Schachs geben, aber das ist alles - mit einer Figur mehr gewinnt
Schwarz leicht.} Kf8 45. Raf7+ Ke8 46. Ra7 Re7 47. Ra8+ Kd7 48. Rxg6 R1e3+ 49.
Kc2 Re2+ 50. Kd1 R2e6 51. Rgg8 Rd6+ 52. Kc2 Ke6 0-1

[Event "Herzliya"]
[Site "Herzliya"]
[Date "1998.09.11"]
[Round "6"]
[White "Zilberman, Yaacov"]
[Black "Liss, Eran"]
[Result "1/2-1/2"]
[WhiteElo "2520"]
[BlackElo "2505"]
[Annotator "Ribli,Z"]
[PlyCount "70"]
[EventDate "1998.09.??"]
[EventType "tourn"]
[EventRounds "11"]
[EventCountry "ISR"]
[EventCategory "10"]
[SourceTitle "EXT 1999"]
[Source "ChessBase"]
[SourceDate "1998.11.16"]
[SourceVersion "1"]
[SourceVersionDate "1998.11.16"]
[SourceQuality "1"]

1. c4 c5 2. Nc3 Nc6 3. g3 {Eine genügsame Fortsetzung, die zu ruhigem Spiel
führt. Weiß kann sich keine großen Hoffnungen auf Eröffnungsvorteil machen.
Die Alternative 3.Nf3 wäre gefährlicher für Schwarz. Ribli.} g6 4. Bg2 Bg7 5.
Nf3 e5 {Schwarz schwächt freiwillig das Feld d5, kann aber seinen Springer
nach e7 entwickeln.} (5... e6) (5... Nf6) 6. a3 a5 {[%csl Yb5,Yd5] Jetzt hat
Schwarz zwei positionelle Löcher (auf b5 und d5), aber in Wirklichkeit sind
diese Felder nicht so schwach und Schwarz kann mit gutem Figurenspiel
Gegenspiel erlangen.} 7. d3 d6 8. Rb1 (8. Nd2 $5 {Das ist eine interessante
Idee: Weiß führt das Springermanöver vor der Rochade durch, so daß Schwarz
nicht auf ...d6-d5 spielen kann.} Nge7 9. Nf1 Be6 10. Ne3 {[%cal Ge3d5]}) 8...
Nge7 9. O-O O-O 10. Bd2 {[#]} (10. Ne1 Be6 11. Nc2 d5 $11) 10... Rb8 (10... Be6
11. Ng5 $14 {[%cal Gg5e6]}) 11. Ne1 {[%cal Ge1c2,Gc2e3,Ge3d5]} Be6 12. Nc2 {
[%cal Gc2e3,Ge3d5,Gb2b4] Weiß bereitet 13.Ne3 oder 13.b4 vor.} d5 {Gerade
rechtzeitig, sonst bleibt Schwarz ohne Gegenspiel.} 13. cxd5 Nxd5 14. b4 {
Weiß hat die Initiative am Damenflügel, aber mit gutem Spiel kann Schwarz das
neutralisieren.} (14. Ne4 b6 15. Ng5 Bc8 16. Ne3 Nde7 {Weiß hat lebendiges
Figurenspiel, aber Schwarz beherrscht das Zentrum.} 17. Nf3 h6 18. Qc1 Be6 19.
b3 f5 20. Nc2 g5 $13 {1-0 Kaenel,H-Bellon Lopez,J/Bern 1996/CBM 51 ext (60)})
14... Nxc3 (14... axb4 15. Nxd5 Bxd5 16. Bxd5 Qxd5 17. axb4 cxb4 18. Nxb4 (18.
Bxb4) 18... Nxb4 19. Rxb4 {Das ist eine sehr typische Stellung für die
Englische Eröffnung. Weiß hat die bessere Bauernstruktur und der schwarze
b-Bauer ist eher schwach als stark.} {[#]} b5 20. Qb3 Qxb3 21. Rxb3 Rfc8 $11
22. Rfb1 Rc2 23. Be3 Rxe2 24. Kf1 Ra2 25. Rxb5 Rxb5 26. Rxb5 h5 {1/2-1/2
Shurygin,S-Eperjesi,L/Budapest 1995/EXT 97 (58)}) 15. Bxc3 axb4 (15... cxb4 $6
16. axb4 a4 $6 17. b5 $36) 16. axb4 c4 $5 $11 (16... cxb4 $6 17. Nxb4 Nxb4 18.
Rxb4 $14 {[%csl Rb7][%cal Gd1b1,Gb1b2,Gf1b1] In dieser Stellung hat Weiß freie
Hand am Damenflügel. Er drückt in der b-Linie.}) 17. b5 (17. dxc4 Bxc4 $11 {
[%csl Gc4]}) 17... Nd4 (17... cxd3 $5 18. bxc6 (18. exd3 Nd4 $11) 18... dxc2
19. Qxc2 (19. Qxd8 Rbxd8 20. Rbc1 (20. Rxb7 $2 Rd1 {[%csl Gc2]} 21. Bb2 Bc4 22.
c7 Bxe2 $19) 20... bxc6 21. Rxc2 $15) 19... bxc6 20. Bb4 Re8 21. Bxc6 Qc7 $11 {
[%cal Gc7c2]}) 18. Bxd4 (18. dxc4 Bxc4 19. Bxd4 exd4 20. Rb4 {Das ist nur
Zugumstellung zur Partiefortsetzung.}) 18... exd4 19. dxc4 Bxc4 20. Rb4 {
[%cal Gb4d4] Schwarz besitzt das Läuferpaar, aber sein d4-Bauer ist schwach.
Er hat nichts besseres, als die Stellung zu vereinfachen.} Bxe2 21. Qxe2 d3 {
[%cal Rd3e2,Rd3c2]} 22. Qd1 dxc2 23. Qxc2 {Die Bauernstellung ist symmetrisch
und die Anwesenheit der ungleichfarbigen Läufer macht das Remisergebnis
wahrscheinlich.} Rc8 (23... Re8 24. b6 $5) 24. Qb1 b6 {Schwarz befreit sich
von der Schwäche auf b7.} 25. Bc6 {Weiß hat nur symbolischen Vorteil. Wegen
der ungleichfarbigen Läufer ist die Stellung gleich.} Qc7 (25... Bd4 $4 {
Mit der Idee 26...Bc5.} 26. Rd1 $18 {[%csl Rd4]}) 26. Rc4 Rcd8 27. Qe4 {
Weiß hat spürbaren positionellen Druck, aber in Wirklichkeit bringt das nichts.
} Qe5 28. Qf3 (28. Qxe5 Bxe5 $11) 28... Rd2 29. Re4 Qc5 {[%csl Gc5,Gd2]} 30.
Kg2 (30. Rd1 Rfd8 31. Rxd2 Rxd2 32. Re8+ Bf8 $11) 30... Rfd8 31. Rfe1 Bd4 {
[%csl Rf2][%cal Rd2f2,Rc5f2] Schwarz hat auch Gegenspiel: Druck gegen den
f2-Bauern.} 32. R1e2 Rxe2 33. Rxe2 Rd6 {[%cal Gd6f6,Gf6f2]} 34. Qf4 Rf6 35. Qd2
Kg7 {Alles ist beiderseitig verteidigt und in gleicher Stellung wurde hier
Remis vereinbart.} 1/2-1/2

[Event "Ordzhonikidze zt 1.9"]
[Site "Ordzhonikidze"]
[Date "2000.06.09"]
[Round "1"]
[White "Romanishin, Oleg M"]
[Black "Maksimenko, Andrei"]
[Result "1-0"]
[WhiteElo "2578"]
[BlackElo "2495"]
[Annotator "Ribli,Z"]
[PlyCount "43"]
[EventDate "2000.06.09"]
[EventType "swiss"]
[EventRounds "9"]
[EventCountry "UKR"]
[SourceTitle "CBM 078"]
[Source "ChessBase"]
[SourceDate "2000.10.18"]
[SourceVersion "1"]
[SourceVersionDate "2000.10.18"]
[SourceQuality "1"]

1. c4 c5 2. g3 g6 3. Bg2 Bg7 4. Nc3 Nc6 5. a3 {Die weiße Spielweise wirkt
genügsam, aber bei symmetrischer Stellung ist er ein Tempo voraus. Eine gute
Strategie für Schwarz wäre, die Symmetrie aufrecht zu erhalten.} d6 (5... a6 $5
) 6. Nf3 e5 7. O-O Nge7 (7... a5 $5) 8. b4 cxb4 $6 {[%mdl 16384] Die Annahme
des Opfers hilft dem Gegner. Es wäre viel besser, die Diagonale des Bg7 mit
Tempo öffnen.} (8... e4 $142 $5 {[%cal Gg7a1] Das ist der viel logischere Zug.}
9. Ne1 f5 (9... d5 10. Rb1 cxb4 11. Nxd5 Nxd5 12. cxd5 Qxd5 13. axb4 O-O 14. d3
Qa2 15. Be3 exd3 16. Nxd3 Bf5 17. b5 Ne5 18. Ra1 Qc4 19. Nxe5 Bxe5 20. Bxb7 {
1-0 Gurevich,D-Scott,G/Illinois 1993/EXT 2000 (40)}) (9... Be6 10. Rb1 cxb4 (
10... f5 11. f3 cxb4 12. axb4 exf3 13. Nxf3 Bxc4 14. b5 Na5 15. Ba3 O-O 16. Bb4
Nd5 17. Nxd5 Bxd5 18. Qa4 Nc4 {1/2-1/2 San Segundo,P-Fernandez Garcia,J/
Cordoba 1995/EXT 2000 (18)}) 11. Nxe4 Bxc4 12. axb4 d5 13. Nc3 a6 14. Bb2 d4
15. Ne4 O-O 16. d3 Bd5 17. Nf3 Qb6 18. Ba3 Rfd8 19. Qd2 Nf5 $13 {1-0 Podzielny,
K-De Firmian,N/Essen 1999/CBM 71 (40)}) 10. Bb2 O-O (10... Be6 11. d3 exd3 12.
Nxd3 Bxc4 13. bxc5 (13. Na4 O-O 14. Bxg7 Kxg7 15. bxc5 d5 16. Nab2 Ba6 17. Nb4
Nxb4 18. axb4 {0-1 Romanishin,O-Short,N/Lvov 1984/MCL (59)}) 13... O-O 14. Na4
Bf7 15. Bxg7 Kxg7 16. Nf4 d5 17. Rb1 {1-0 Surajev-Mijailovic,Z/Belgrade 1991/
EXT 97 (35)}) 11. d3 Be6 12. dxe4 fxe4 13. Bxe4 Bxc4 14. Bg2 cxb4 15. axb4 Nxb4
16. Qd2 Nec6 17. Rb1 $44 {1/2-1/2 Romanishin,O-Agzamov,G/Sochi 1984/MCD (39)})
(8... Be6 $2 9. Ng5 Bxc4 10. d3 Be6 (10... cxb4 11. axb4 Be6 12. Nxe6 fxe6 13.
b5 Nd4 14. e3 Qc7 15. Bd2 Ndf5 16. b6 Qxb6 17. Qa4+ Kf7 18. Rfb1 {1-0 Ftacnik,
L-Danner,G/Wien op1986 (28)}) 11. Nxe6 fxe6 12. bxc5 d5 13. e4 O-O 14. Qg4 {
1-0 Ftacnik,L-Rogers,I/Groningen 1977/EXT 99 (55)}) 9. axb4 Nxb4 10. Ba3 {
Weiß hat dank Entwicklungsvorteils und aktiven Spiels am Damenflügel sowie im
Zentrum gute Kompensation für den Bauern..} (10. Qb3) 10... Nec6 (10... Na6 11.
Ne4 Nc5 12. Nfg5 Qc7 13. Nxd6+ Qxd6 14. Ne4 Nxe4 15. Bxd6 Nxd6 16. Qa4+ Kf8 17.
Qb4 Ne8 18. Bxb7 a5 19. Bxc8 Rxc8 20. Rxa5 {1-0 Martinovic,S-De Firmian,N/Bor
1984/MCD (28)}) (10... Nbc6 11. Nb5 $44) 11. Qa4 $44 {Schwarz hat
Entwicklungsprobleme, sein König steht schlecht in der Mitte, wärhend Weiß
freie Hand am Damenflügel hat.} Na6 (11... e4 12. Nh4 (12. Bxb4 exf3 13. Bxf3
$16) 12... g5 13. Bxb4 gxh4 14. Nxe4 $16) (11... a5 $4 12. Bxb4 $18) 12. Ne4 (
12. Nxe5 {Dieser Zug sieht schön aus, aber die Partiefortsetzung ist
nachhaltiger.} Bxe5 (12... dxe5 13. Bxc6+ Bd7 14. Bxd7+ Qxd7 15. Nb5 $16) 13.
Bxc6+ Bd7 (13... Kf8 14. Bd5 $16) (13... bxc6 14. Qxc6+ Bd7 15. Qxa6 $16) 14.
Bxd7+ Qxd7 15. Qb5 $14) (12. Ng5 O-O 13. Nge4 $44) 12... Bf8 $6 {Dieser
passive Zug gefällt mir nicht.} (12... Nc5 $5 13. Nxc5 (13. Bxc5 dxc5 14. Nxc5
O-O $13) 13... dxc5 14. Bxc5 e4 15. Ne1 Bxa1 (15... Bd7) 16. Qxa1 Rg8 17. Bxe4
Qxd2 18. Nf3 $44 {[%csl Re8] Der schwarze König steht unsicher - Weiß hat
gefährliche Kompensation.}) 13. d4 {Das ist logisch - Weiß möchte die Stellung
öffnen.} (13. c5 $5 $36) 13... Bf5 (13... Bd7 {[%cal Gd7a4]} 14. dxe5 dxe5 (
14... Nxe5 15. Qb3) 15. Bxf8 Kxf8 16. Rfd1 $44) (13... exd4 $2 14. Nxd4 $16)
14. Nc3 Bd7 15. Nb5 e4 (15... exd4 16. Bxd6 $44) 16. Nd2 f5 (16... Nxd4 17.
Nxe4 Bxb5 18. cxb5 Nxe2+ 19. Kh1 $18 {[%csl Re8]}) 17. e3 $16 {Weiß hat
deutliches Übergewicht im Zentrum, er kann die Stellung nachfolgend mit f2-f3
sprengen. Der schwarze Pd6 hingegen stellt eine chronische Schwäche dar.} Qf6 (
17... Nc7 18. Nxd6+ Bxd6 19. Bxd6 Nxd4 20. Qb4 $16) 18. f3 {Der Textzug ist
thematisch - Weiß aktiviert alle Figuren.} (18. Bxe4 $5 $16 {Diese taktische
Moeglichkeit gibt Weiss auch gute Chancen.}) 18... exf3 19. Bxf3 Be7 20. Bd5 g5
$2 {[%mdl 8192] Ein entscheidender Fehler in schlechter Stellung.} (20... Qg5
21. Qb3 $16 (21. Rae1 $16)) 21. Ne4 $18 {[%csl Rd6][%cal Gf1f6]} Qg6 22. Nexd6+
1-0

[Event "Dortmunder Schachtage-B 18th"]
[Site "Dortmund"]
[Date "1990.04.09"]
[Round "5"]
[White "Espig, Lutz"]
[Black "Schmittdiel, Eckhard"]
[Result "1/2-1/2"]
[WhiteElo "2475"]
[BlackElo "2455"]
[Annotator "Ribli,Z"]
[PlyCount "82"]
[EventDate "1990.04.05"]
[EventType "tourn"]
[EventRounds "11"]
[EventCountry "GER"]
[EventCategory "9"]
[SourceTitle "CBM 018"]
[Source "ChessBase"]
[SourceDate "1990.10.01"]
[SourceVersion "1"]
[SourceVersionDate "1990.10.01"]
[SourceQuality "1"]

1. Nf3 c5 2. c4 Nc6 3. Nc3 e5 4. g3 g6 5. Bg2 Bg7 6. a3 Nge7 7. Rb1 a5 8. O-O
O-O 9. Ne1 {9.d3, d6 10.Bd2!?} d6 10. Nc2 Be6 11. Ne3 f5 {11...Rb8 12.Ned5, f5
13.d3, Kh8 14.f4, Qd7 15.Bd2, Bg8 1/4 Filip-Ribli Nice ol 1974} 12. d3 Bf7 13.
Ned5 Nxd5 14. Nxd5 Rb8 15. b4 axb4 16. axb4 cxb4 17. Nxb4 Nxb4 18. Rxb4 d5 19.
cxd5 Bxd5 20. Rb5 Bxg2 21. Qb3+ $1 Rf7 22. Kxg2 Qd7 23. Bb2 e4 24. Bxg7 Kxg7
25. dxe4 fxe4 26. Rd1 $5 Qe7 27. Qe3 Rbf8 28. Rdb1 Rxf2+ 29. Qxf2 Rxf2+ 30.
Kxf2 Kh6 31. Rxb7 Qc5+ 32. Kg2 e3 33. h4 Qf5 34. R7b2 Qf2+ 35. Kh3 Kg7 36. Rb7+
Kf6 37. R7b6+ Ke5 38. R1b5+ Kd4 39. Rb4+ Kc5 40. R6b5+ Kc6 41. Rb2 h5 1/2-1/2

[Event "POL-ch 59th"]
[Site "Warsaw"]
[Date "2002.05.03"]
[Round "5"]
[White "Markowski, Tomasz"]
[Black "Gdanski, Jacek"]
[Result "1-0"]
[WhiteElo "2538"]
[BlackElo "2523"]
[Annotator "Ribli,Z"]
[PlyCount "177"]
[EventDate "2002.04.29"]
[EventType "tourn"]
[EventRounds "13"]
[EventCountry "POL"]
[EventCategory "10"]
[SourceTitle "CBM 089"]
[Source "ChessBase"]
[SourceDate "2002.08.12"]
[SourceVersion "1"]
[SourceVersionDate "2002.08.12"]
[SourceQuality "1"]

1. g3 {Der polnische GM beginnt die Partie oft mit diesem Zug.} c5 2. Bg2 Nc6
3. c4 g6 4. Nc3 Bg7 5. Nf3 d6 {Das ist eine seltene Fortsetzung - 5...Nf6, 5...
e6 und 5...e5 sind im Allgemeinen populärer.} 6. O-O Bd7 (6... Nh6 $5 {[%cal
Gh6f5]}) 7. a3 {Weiß bereitet das typische b2-b4 vor.} (7. e3) (7. d3) 7... Nf6
(7... Qc8 8. Rb1 h5 9. h4 Bxc3 10. dxc3 Bh3 11. Bg5 Bxg2 12. Kxg2 Qe6 13. Qd5 {
1/2-1/2 Sherbakov,R-Graf,A/Dubai UAE 2002/(13)}) 8. Rb1 a5 {Mit diesem Zug
verhindert Schwarz zwar ds mögliche b2-b4, schwächt aber zugleich das Feld b5.
Meiner Meinung nach täte Schwarz besser daran, den Zug b2-b4 zuzulassen.} (8...
O-O 9. b4 b6 10. d3 Rc8 11. Bd2 e5 12. Ne1 h6 13. Nc2 Kh7 14. Ne3 Nd4 15. a4 {
0-1 Grebenkin,V-Tataev,M/Stare Mesto 1992/EXT 97 (35)}) 9. b3 {Weiß bereitet
die Entwicklung des Läufers nach b2 und mittelfristig den Zug d2 - d4 vor.} (9.
d4 cxd4 10. Nxd4 Nxd4 11. Qxd4 {1/2-1/2 Ilic,Z-Makarov,M/Cetinje 1993/EXT 2002
(11)}) 9... O-O 10. Bb2 Qc8 $6 {Die Dame steht nicht besonders gut auf c8,
zudem kommt Schwarz in unserer Partie nicht dazu, seinen Plan (Bh3)
durchzuführen.} (10... e5 $5 $11 {Die Felder b5 und d5 sind zwar in der Tat
schwach, aber es ist nicht leicht für Weiß, daraus Kapital zu schlagern.}) 11.
d4 Nxd4 (11... Bh3 12. d5 $14 {Weiß hat Raumvorteil, das Feld b5 ist schwach.})
12. Nxd4 cxd4 13. Qxd4 $14 {[%csl Yb5,Yd5][%cal Gg2a8] Weiß hat Raumvorteil,
und seine beiden Läufer stehen stark auf den großen Diagonalen.} Bc6 (13... Bh3
$2 14. Nd5 $18 {[%csl Gd5][%cal Rd5e7,Rd5b6,Rb6c8,Rb6a8]}) 14. Nd5 Bxd5 (14...
Qd8 15. Rfd1 $14) 15. Bxd5 {[%csl Gb2,Gd5] Weiß hat das Läuferpaar und eine
gesunde Stellung.} (15. cxd5) 15... Rb8 (15... Ne8 $2 16. Qe4 $16 {[%cal Re4a8,
Re4e7]}) (15... Nh5 $2 16. Qe4 $16 {[%cal Re4e7,Re4b7]}) 16. Bf3 b5 (16... b6
$14) 17. cxb5 Rxb5 18. Qa4 (18. Qd3 $14) 18... Qb8 $6 {Dieser Zug der Dame
gefällt mir nicht - die Dame steht passiv auf b8.} (18... Qc5 $5 19. Bd4 Qf5
$14) 19. Bc3 {[%csl Ra5]} Ne4 {[%mdl 64] Schwarz möchte mit diesem Zug ein
wenig im Trüben fischen. Andernfalls verliert er einfach den Pa5, ohne dafür
Kompensation zu bekommen.} (19... Nd5 20. Bxa5 $16) 20. Bxg7 Nc5 21. Qxb5 (21.
Qd4 Ne6 (21... e5 22. Bxe5 dxe5 23. Qe3 Nxb3 (23... e4 24. Bg2 $16) 24. Bc6 Rb6
25. Bd5 a4 26. Rfd1 $14) 22. Qh4 Kxg7 23. Qxe7 Re8 $14) 21... Qxb5 22. Bxf8
Kxf8 23. b4 axb4 24. axb4 {[%csl Gb4] Weiß hat R+R für die Q und - das ist
noch wichtiger - der Pb4 stellt immer eine große Gefahr für Schwarz dar.} Nd7
25. Rfc1 {[%cal Rf3c6,Rc6b5,Rc6d7]} Ne5 (25... Nb6 26. Rc7 $14) 26. Bg2 g5 $6 {
Dieser Zug schwächt die schwarze Stellung.} (26... Qxe2 27. b5 $16 {[%csl Gb5]}
) (26... e6 $14 {[%cal Gd6d5]}) 27. Rc2 Kg7 28. Rd2 {[%cal Gd2d5,Gd5b5] Es
droht 29.Rd5 mit Vertreibung der Dame von ihrem Blockadefeld.} f5 29. e3 Kf6
30. Rd4 Ke6 (30... g4) 31. h3 {[%cal Gg3g4]} h5 (31... g4 32. hxg4 fxg4 33. Rd5
$14) 32. h4 $5 gxh4 (32... g4 33. Rd5 $14) 33. Rxh4 {[%csl Rh5]} Qd3 34. Rf1
Qe2 $6 (34... Qb5 35. e4 fxe4 36. Rxe4 $14) 35. e4 $1 Kf6 (35... fxe4 36. Rxe4
$18 {[%cal Re4e6,Re4e2,Rf2f4]}) (35... Nf3+ 36. Bxf3 Qxf3 37. Rf4 $16) 36. Rf4
e6 37. exf5 exf5 38. Rd4 $16 Ke7 (38... Ke6 39. Rfd1 $16) 39. Rf4 (39. Rfd1 $16
) 39... Ng6 40. Rd4 h4 (40... Ne5) 41. gxh4 Qh5 42. Re1+ Kd7 43. Re3 Nxh4 (
43... f4 44. Red3 $16) 44. Rh3 f4 $8 45. Rxf4 Qd1+ 46. Kh2 Nxg2 47. Kxg2 {
[%mdl 4096] Weiß hat R+R+P für die Q. In Endspielen dieser Art sind die Türme
immer viel stärker.} Qd5+ 48. Kh2 Qe5 49. Rhh4 Kc6 50. Kg2 Kb5 51. Rd4 {
Der weiße Plan besteht einfach darin, den Pd6 mit beiden Türmen anzugreifen
und zu erobern. Schwarz kann nur noch auf Dauerschach hoffen.} d5 52. Rdg4 Qf5
53. Rg3 {Droht 54.Rd4 nebst 55.Rgd3.} Qe5 54. Rhg4 {54.Rd3 wäre hier ganz
schlecht, wegen 54...Qg5+, und nach 55.Rh3 Qf5+. - Jetzt droht wieder die
Turmverdoppelung auf der d-Linie mit 55.Rd3 und 56.Rgd4.} Ka4 55. Rd3 Qf5 56.
Rgd4 {[%csl Rd5]} Qg5+ 57. Kf1 Qc1+ 58. Ke2 Qc2+ 59. Kf3 {Jetzt hat Schwarz
kein Schach mehr - er verliert den Pd5.} Qb1 60. Kf4 (60. Rxd5) 60... Qc1+ 61.
Rd2 Qc7+ 62. Kf5 Qf7+ 63. Ke5 Qf3 64. Rxd5 Qh5+ (64... Kxb4 65. R2d4+ Kc3 66.
Rd3+ $18) 65. Kd6 Qh6+ 66. Ke5 Qg5+ 67. Ke4 Qg4+ 68. f4 $18 {Weiß steht auf
Gewinn, aber Schwarz kann mit seiner Dame noch viele Schachs geben. Aber das
ändert am Endergebnis auch nichts mehr.} Qe6+ (68... Kxb4 69. R5d4+ Kb5 70. Rd6
$18 {Es gibt immer viele Schachs, daher ist es ein langer Weg bis zum Sieg,
aber der f-Bauer muss die Partie früher oder später entscheiden.}) 69. Re5 Qc4+
(69... Qc6+) 70. Rd4 Qe2+ 71. Kd5 (71. Kf5 Qh5+ 72. Kf6) 71... Qb5+ 72. Ke6
Qe8+ 73. Kf5 Qh5+ 74. Kf6 Qh6+ 75. Ke7 Qg7+ 76. Kd6 Qf8+ 77. Kd5 Qa8+ (77...
Qd8+ 78. Ke4 $18) 78. Kc4 Qc6+ 79. Rc5 Qe6+ 80. Rcd5 Qe2+ (80... Qc6+ 81. Kd3
$18) 81. Kc5 Qe7+ 82. Kb6 Qf6+ 83. Rd6 {Nach diesem Zug hat Schwarz kein
Schach mehr.} Qf8 84. b5+ Kb3 85. Kb7 Qg7+ 86. Rd7 Qg2+ 87. R4d5 Kc4 88. f5 (
88. b6 $18) 88... Qe4 89. f6 1-0